000 00345 a2200157 4500
001 71460
020 _a8508069170
040 _cAnchieta - Colégio São Paulo
240 1 0 _aO pequeno polegar
_lpor
245 1 0 _aO pequeno polegar
300 _a24
362 0 _a1998
440 1 _aÁtica
650 4 _aLiteratura infanto-juvenil
942 _cBK
999 _c71460
_d71460